[Event "4th GM March"]
[Site "Taiyuan CHN"]
[Date "2007.07.11"]
[Round "6"]
[White "Ni Hua"]
[Black "Zvjaginsev, V."]
[Result "0-1"]
[WhiteElo "2681"]
[BlackElo "2658"]
[Annotator "Dobronovsky Roman"]
[PlyCount "100"]
[EventDate "2007.07.04"]
[EventType "schev"]
[EventRounds "8"]
[EventCountry "CHN"]
[SourceDate "2007.07.12"]

1. e4 e5 2. Nf3 Nc6 3. d4 exd4 4. Nxd4 Bc5 5. Be3 ({
Ëèøü óñèëèÿìè Ñåðãåÿ Ðóáëåâñêîãî ïîääåðæèâàåòñÿ ïóëüñ æèçíè â âàðèàíòå} 5. Nxc6
Qf6 6. Qf3 ({Èññëåäîâàíî äî ãëóáîêèõ íè÷åéíûõ ýíäøïèëåé} 6. Qd2 dxc6 7. Nc3)
6... dxc6) 5... Qf6 6. c3 Nge7 7. g3 h5 $5 {Îñòðîå, «òðåâîæàùåå» ïðîäîëæåíèå,
ïîëó÷èâøåå áîëüøóþ ïîïóëÿðíîñòü â ïîñëåäíèå ïàðó ëåò.} ({×òî áóäåò ñ ÷¸ðíûìè, åñëè ñäåëàòü ïàðó îáùåðàçâèâàþùèõ õîäîâ äåìîíñòðèðóåò ïàðòèÿ Ìîâñåñÿí - Øîðò} 7... O-O $6 8. Bg2 d6 9. O-O Ne5 10. h3 Nc4 11. Bc1 Nc6 12. Ne2 a5 {
Çàïîìíèòå ýòîò ìîìåíò: ïîñëå íåãî ôèãóðû ÷¸ðíûõ áóäóò òîëüêî îòñòóïàòü -} 13.
a4 Bd7 14. Nf4 Rae8 15. b3 Nb6 16. Ra2 Be6 17. Re2 Nd7 18. Kh2 Qd8 19. Na3 Nf6
20. Nb5 Bd7 21. Nd3 Bb6 22. f4 Re6 23. Rfe1 Rfe8 24. Bf3 h6 25. c4 Bc8 26. Bb2
Nd7 27. Qa1 {È çäåñü îòäà÷ó êà÷åñòâà õîäîì} f6 {ÿçûê íå ïîâîðà÷èâàåòñÿ
íàçâàòü íåâûíóæäåííûì ðåøåíèåì - ÷¸ðíûå ðèñêîâàëè ýëåìåíòàðíî çàäîõíóòüñÿ.}
28. e5 $1 dxe5 29. Bd5 {1-0 Movsesian,S-Short,N/Sarajevo 2007}) ({
Èíòåðåñíî, íî íå âïîëíå íàä¸æíî ïðîäîëæåíèå} 7... b6 $6 8. Bg2 h5 9. O-O Ba6 $2
10. Re1 h4 11. b4 $1 Bxd4 12. cxd4 hxg3 13. fxg3 O-O-O 14. a4 Nxb4 15. a5 d5
16. Qd2 $1 {è ïîçèöèÿ ÷åðíûõ ðóõíóëà -} bxa5 17. Bg5 Qd6 18. e5 Qe6 19. Rxa5
Nec6 20. Ra4 Rde8 21. Rxb4 Nxb4 22. Qxb4 Rh5 23. Nc3 Bc4 24. Be3 Reh8 25. h4
Qg4 26. Bf2 Rf5 27. Nxd5 {1-0 Wang Hao-Liang Chong/Beijing 2005}) ({
Îñíîâíûì õîäîì ñ÷èòàëîñü (è ñ÷èòàåòñÿ)} 7... d5 {
Âîò îòëè÷íûé ó÷åáíûé ïðèìåð îò æèâîãî êëàññèêà øîòëàíäñêîé ïàðòèè -} 8. Bg2
dxe4 9. O-O Bb6 10. Nd2 O-O 11. Nxe4 Qg6 12. Re1 Nxd4 13. Bxd4 Nc6 14. Bxb6
axb6 15. Qd2 Ra5 $1 16. Qf4 Ne5 17. Rad1 f6 18. b4 Ra8 19. Ng5 $1 Bg4 $6 (19...
fxg5 20. Qxe5 c6) 20. Rd2 Rae8 $2 21. Rxe5 $3 {
1-0 Rublevsky,S-Sasikiran,K/Khanty Mansiysk 2005}) 8. h3 ({
Ñëèøêîì îïàñíî äîïóñêàòü äàëüíåéøåå äâèæåíèå íàõàëüíîé ïåøêè -} 8. Bg2 h4) 8...
d5 ({Èç äðóãèõ ïîïûòîê îòìåòèì} 8... b6 {
(çäåñü ýòî ïðîäîëæåíèå ñèëüíåå, ÷åì íà ïðîøëîì õîäó)} 9. Bg2 Bb7 10. O-O O-O-O
11. b4 Nxd4 12. bxc5 Ndc6 13. Na3 d5 14. cxd6 Rxd6 15. Qa4 Rd3 16. Nb5 a6 17.
Qc2 Rd7 18. Nd4 Rhd8 19. Rad1 Qg6 20. Ne2 Rxd1 21. Rxd1 Rxd1+ 22. Qxd1 Qf6 23.
h4 {Movsesian,S-Shirov,A/Sarajevo 2004/1/2-1/2}) ({À èç ñâåæèõ ïðèìåðîâ -} 8...
h4 9. g4 Ng6 10. Bg2 Nf4 11. O-O Ne5 12. Nd2 d6 13. Nc4 Nxc4 14. Qa4+ c6 15.
Qxc4 O-O 16. e5 dxe5 17. Qxc5 Nxg2 18. Kxg2 exd4 19. Qxd4 Qg6 20. Qf4 Be6 21.
b3 Rfd8 22. c4 b5 23. cxb5 {Kalod,R-Mikhalchishin,M/Leoben AUT 20071-0}) 9. Bg2
dxe4 $146 ({Âïîëíå íîðìàëüíî è} 9... Bxd4 10. cxd4 dxe4 11. Nc3 Bf5 12. Qa4 $2
(12. Nxe4) 12... O-O 13. O-O-O b5 14. Qxb5 Rab8 15. Qc5 Nb4 16. g4 Bh7 17. Bf1
Rfd8 18. a3 Nbd5 19. Nxd5 Nxd5 20. Bc4 Nxe3 21. fxe3 Qf2 22. Rd2 Qxe3 23. Bxf7+
Kh8 24. Qc3 {Epstein,E-Friedel,J/Connecticut 2004/0-1}) 10. Nd2 Bxd4 11. cxd4 (
{Êîììåíòàòîð - ëè÷íîñòü áåçîòâåòñòâåííàÿ, ïîýòîìó ìîãó ïîñîâåòîâàòü æåðòâó
ïåøêè -} 11. Nxe4 $5 Bxc3+ (11... Qg6 $5) 12. bxc3 Qg6 13. O-O {ñ èíèöèàòèâîé.}
) 11... Bf5 12. Nxe4 Bxe4 {
«Òðàäèöèîííûé», íî íå ôàêò, ÷òî âûíóæäåííûé â äàííîé ñèòóàöèè ðàçìåí.} ({
Íåïëîõî ñìîòðèòñÿ è} 12... Qg6 $5 13. Nc5 O-O $1 14. O-O b6 15. d5 Nb4 {
È â ñëó÷àå ïñåâäîïðèíöèïèàëüíîãî ïðèíÿòèÿ æåðòâû êà÷åñòâà -} 16. d6 cxd6 17.
Bxa8 Rxa8 {áåëûõ âñêîðå âûíåñóò ñ ðèíãà.}) 13. Bxe4 O-O-O 14. O-O Nd5 $6 {
Íå âïîëíå ïîíÿòíîå ðåøåíèå. Çà÷åì áëîêèðîâàòü èçîëèðîâàííóþ ïåøêó, åñëè
èíîãäà å¸ ìîæíî ïðîñòî çàáðàòü (Á. Ëàðñåí).} ({Ìîæíî, êîíå÷íî, îòíîñèòüñÿ ê
ýëèòíûì ãðîññìåéñòåðàì êàê ê íåáîæèòåëÿì, êîòîðûå íå äåëàþò îøèáîê. À ìîæíî
ïîðåêîìåíäîâàòü ïðîñòîå âçÿòèå ïåøêè -} 14... Nxd4 $1 {Íàïðèìåð,} 15. Qa4 Nec6
{ñ ëèøíåé ïåøêîé è äîâîëüíî êðåïêîé ïîçèöèåé.}) 15. Bg2 Nce7 $5 {Ïîñëå íåóäà÷íîãî
âûáîðà íà 14-ì õîäó ó ÷¸ðíûõ íåîæèäàííî âîçíèê äåôèöèò êðåàòèâíûõ õîäîâ.
Â òàêèõ óñëîâèÿõ â ãîëîâó  ìîãóò íà÷àòü ïðèõîäèòü äîâîëüíî ñòðàííûå âåùè.} ({
Íåóäà÷íî} 15... h4 $2 16. Qg4+) ({Ìîæíî áûëî åù¸ ñäåëàòü ïîëåçíûé õîä} 15...
Kb8 {, íî ïîñëå} 16. Rc1 {ïðèøëîñü áû âñ¸ æå ïðîäåêëàðèðîâàòü ñâîè ïëàíû.}) 16.
Rc1 c6 $5 {Ïðÿìî-òàêè âûçûâàÿ îãîíü íà ñåáÿ.} ({
Âïðî÷åì, ïðåäëîæèòü ÷òî-òî áîëåå óìíîå ñëîæíî -} 16... Nf5 17. Rc5) 17. b4 $1
{È îãîíü íå çàñòàâëÿåò ñåáÿ äîëãî æäàòü!} a6 ({Ïëîõî çäåñü} 17... Nxb4 $2 18.
Qa4 Na6 (18... Nbd5 19. Qxa7) 19. h4 $1 (19. Bxc6 $5 Nxc6 20. Rxc6+ Qxc6 21.
Rc1 Qxc1+ 22. Bxc1) 19... Qg6 20. Bg5 f6 21. Bxc6 Nxc6 22. Rxc6+ bxc6 23. Qxc6+
Nc7 24. Rc1 Qf7 25. Qa8+ Kd7 26. Rxc7+ Kxc7 27. Qxa7+) ({
Ìàëî ìåíÿåò ñóòü äåëà è} 17... Kb8 18. Qb3) 18. a4 Nxb4 19. h4 Nbd5 $2 {
Ñåðü¸çíûé ïðîìàõ, ñòàâÿùèé ÷¸ðíûõ íà ãðàíü êàòàñòðîôû.} ({
Íàïðÿæåíèå ïîääåðæèâàëî} 19... Qg6 $1 {È êàê íè ñòðàííî íè÷åãî
íåïîñðåäñòâåííî ñòðàøíîãî íå ïðîèñõîäèò ñ ÷¸ðíûìè ïîñëå} 20. Qb3 Ned5 21. Bd2
Qd3 22. Qb2 Qe2 $1 {è îíè äåðæàòñÿ.} ({Íî íå} 22... a5 $2 23. Rc5 $1 b6 24.
Bxb4 $3 bxc5 (24... Nxb4 25. Rxc6+ $1 Nxc6 26. Qxb6 $3) 25. Bxc5 {
ñî ñòðàøíîé àòàêîé.})) 20. Bg5 Qd6 ({Ìàëî ÷òî ìåíÿëî} 20... Qf5 21. Bxd5 f6
22. Bxc6 Nxc6 23. Bf4) 21. Bxd5 f6 22. Bxc6 Nxc6 23. Bf4 Qd5 $1 (
{Ïðîèãðûâàåò} 23... Qxd4 $2 24. Qb3 $1 {, íàïðèìåð,} Rhe8 25. Rfd1 Qe4 26.
Rxd8+ Rxd8 27. Qf7 Rd7 28. Qg8+ Rd8 29. Qxg7 {
, è ÷¸ðíûì íå çàùèòèòü îäíîâðåìåííî ñâîåãî êîðîëÿ è ñëàáûå ïåøêè.}) 24. Rxc6+
$6 {Æåðòâà êà÷åñòâà íå áûëà âûíóæäåííîé.} ({Áàíàëüíîå} 24. Re1 $1 g5 25. hxg5
fxg5 26. Be5 {ñîõðàíÿëî çà áåëûìè ÿâíûé ïåðåâåñ.}) 24... bxc6 ({
Íå ìîæåò áûòü ðåêîìåíäîâàíî} 24... Qxc6 25. Qb1 $3) 25. Qb1 $6 {
Îïÿòü-òàêè - íå ëó÷øåå ðåøåíèå.} ({Ñåðü¸çíîãî âíèìàíèÿ çàñëóæèâàëî} 25. Qe2 $1
{, àòàêóÿ ïåøêó à6, ïðîïóñêàÿ ëàäüþ íà b1, äåðæà íà ìóøêå ïåøêó h5, ïóãàÿ
÷åðíûõ óãðîçîé Qe7... Äà ÷òî òàì ãîâîðèòü - îòëè÷íûé áûë õîä, îñòàâàëîñü åãî
òîëüêî ñäåëàòü!}) 25... Rhe8 26. Qb8+ Kd7 27. Qb7+ Ke6 28. Qxg7 $2 {Áåëûå ñáèâàþòñÿ
ñ âåðíîãî ïóòè, ñàìîñòîÿòåëüíî çàãîíÿÿ ñâîåãî ôåðçÿ íà êðàéíå íåóþòíóþ
ñòîÿíêó.} ({Ëó÷øèå øàíñû ñîõðàíÿëî} 28. Re1+ $1 Kf5 29. Qb1+ Kg4 (29... Re4
30. f3 Qxd4+ 31. Kg2) 30. Be5 $3 (30. Qg6+ $4 Kh3) 30... Rxe5 (30... fxe5 31.
Qg6+ Kh3 32. Qf5#) 31. dxe5 Qd3 (31... f5 $4 32. Re3 g5 (32... Qd1+ 33. Kg2 $3)
33. Kh2 $1) 32. Qxd3 (32. Qc1 $5 Kh3 $3 33. e6 Qf3 34. Kf1 Qh1+ 35. Ke2 Qe4+
36. Kf1 Qh1+) 32... Rxd3 33. exf6 (33. e6 Rd8) 33... gxf6 34. Re6 {
Ëàäåéíîå îêîí÷àíèå íàâåðíÿêà íè÷åéíî.}) 28... Qe4 $1 {
«Òåëîì» çàêðûâàÿ ëèíèþ «å».} 29. Rc1 $2 ({
Ê ÿñíîé íè÷üåé (à íà áîëüøåå áåëûå óæå ðàññ÷èòûâàòü íå âïðàâå) âåëî} 29. Qc7
$1 {Äîìîé! Ê äåòÿì :)!} Rxd4 ({Ê òîìó æå ðåçóëüòàòó ïðèâîäèò è äðóãàÿ ïîïûòêà -
} 29... Rd7 30. Qa5 Qf3 31. Re1+ Kf7 32. Rxe8 Kxe8 33. Qf5 Qd1+ 34. Kg2 Qxd4
35. Qxh5+ {- âå÷íûé øàõ.}) 30. f3 Qe2 31. Qxc6+ Kf7 32. Qc5 Rd1 33. Qxh5+ {
, è íè÷üÿ âå÷íûì øàõîì.}) 29... Rxd4 30. Kh2 Rd7 31. Qh6 Rh7 32. Rxc6+ $1 {
Õîðîøî åù¸, ÷òî íàø¸ëñÿ òàêîé õîä...} Qxc6 33. Qxh7 Qf3 34. Qc2 ({Èëè} 34. Be3
Rd8) 34... Rd8 35. Qc4+ Ke7 36. Qc5+ Kf7 37. Bd6 $2 {
Âåðîÿòíî, ðåøàþùàÿ îøèáêà.} ({
Íåñìîòðÿ íà âñå ïðåäûäóùèå óïóùåíèÿ, ïîõîæå, ÷òî íè÷üÿ ó áåëûõ åù¸ áûëà -} 
37. Qc7+ $1 Ke8 38. Qb6 $1 Rd7 39. Qe6+ Re7 40. Qg8+ Kd7 41. Be3 {è ò.ä.
Íåîáåñïå÷åííîå ïîëîæåíèå ñîáñòâåííîãî êîðîëÿ íå äà¸ò ÷¸ðíûì âîçìîæíîñòè
êîíñîëèäèðîâàòü ïîçèöèþ è èñïîëüçîâàòü ìàòåðèàëüíûé ïåðåâåñ.}) 37... Rd7 38.
a5 Ke6 $1 {Íà÷àëî ñìåëîãî ðåéäà ê ïîáåäå.} 39. Bf8 Rd1 {Ãðîçèò ìàò â îäèí õîä
è îñòàëîñü òîëüêî ïðîâåðèòü íå íàéäåòñÿ ëè è òóò ó áåëûõ êàìíÿ çà ïàçóõîé â
âèäå âå÷íîãî ùàõà.} 40. Qe7+ Kf5 {Íåò, îñòàâëåííàÿ íà ÷àñîâîå ðàçäóìüå
«Ðûáêà» ïîäòâåðäèëà, ÷òî ïîçèöèÿ âûèãðàíà äëÿ ÷¸ðíûõ.} ({
Ñîâåðøåííî íè ê ÷åìó çåâàòü ôåðçÿ õîäîì} 40... Kd5 $4 41. Qb7+ Ke6 42. Qxf3)
41. Qh7+ Ke5 42. Qc7+ Kd4 43. Qd6+ Kc4 44. Qb4+ Kd3 45. Qb3+ Ke2 46. Qc4+ Rd3
$1 ({Ïî÷âà äëÿ ïðîìàõîâ åù¸ áûëà -} 46... Kxf2 $2 47. Bc5+ Ke1 48. Bb4+ Kf2
49. Bc5+ {ñ âå÷íûì øàõîì.}) ({Èëè} 46... Qd3 $2 47. Qe6+ Kf1 48. Qh3+ Ke1 49.
Bb4+ Ke2 50. Qe6+ Kxf2 51. Bc5+ {ñ àíàëîãè÷íûì ðåçóëüòàòîì.}) 47. Qe6+ Kf1 48.
Qh3+ Kxf2 49. Bc5+ Ke1 50. Bb4+ Kd1 $1 {Óô-a! Äîø¸ë!} 0-1

[Event "ch-NED"]
[Site "Hilversum NED"]
[Date "2007.06.22"]
[Round "6"]
[White "Tiviakov, S."]
[Black "Spoelman, W."]
[Result "1-0"]
[WhiteElo "2663"]
[BlackElo "2428"]
[Annotator "Dobronovsky  Roman"]
[PlyCount "71"]
[EventDate "2007.06.16"]
[EventType "tourn"]
[EventRounds "11"]
[EventCountry "NED"]
[EventCategory "12"]
[SourceDate "2007.07.12"]

1. e4 c5 2. c3 d5 3. exd5 Qxd5 4. d4 Nf6 5. Nf3 Bg4 6. Nbd2 {
Î÷åðåäíîé âèòîê áèòâû «çà» è «ïðîòèâ» õîäà 2.ñ3.} ({
Îñíîâíûå âäîëü è ïîïåð¸ê èçúåçæåííûå ïðîäîëæåíèÿ -} 6. Be2) ({èëè} 6. dxc5) ({
À ïåðìàíåíòíûé êðèçèñ èäåé (÷¸ðíûå óðàâíèâàþò, áåëûå ïðèäóìûâàþò ÷òî-òî åù¸)
ïîðîäèë ê æèçíè} 6. Qa4+ $5) 6... Nc6 7. Bc4 Bxf3 8. Qb3 $5 ({
Ïåðåæèëî óæå ïèê ñâîåé ïîïóëÿðíîñòè îðèãèíàëüíîå} 8. gxf3 $5 {
×¸ðíûå â êîíöå êîíöîâ íàøëè ÷¸òêîå} Qf5 $1 ({
Îãðîìíûé ðåçîíàíñ, â ÷àñòíîñòè, èìåëà ïàðòèÿ Àäàìñ - Õþáíåð -} 8... Qg5 $2 9.
Ne4 Qf5 10. Qe2 e6 11. Ng3 Qh3 12. d5 Nd8 13. Bb5+ Nd7 14. Bf4 a6 15. Bxd7+
Kxd7 16. O-O-O Ke8 17. Rhe1 Be7 18. d6 Bf6 19. d7+ Kf8 20. Rd5 g6 21. Bd6+ Kg8
22. Nh5 Bg7 23. Rxc5 Nc6 24. Rxc6 bxc6 25. Qxa6 Bh6+ 26. f4 Rd8 27. Qc8 Qh4 28.
Bc7 Rf8 29. d8=Q Qxh5 30. Qxf8+ Bxf8 31. Bd6 {1-0 Adams,M-Huebner,R/Wijk 1996})
9. Qb3 O-O-O {ñ îòëè÷íîé èãðîé.}) 8... Na5 9. Qb5+ Qd7 10. Nxf3 Nxc4 11. Qxc4
cxd4 12. Nxd4 {Óäèâèòåëüíî, íî ýòà ïðàêòè÷åñêè ðàâíàÿ ïîçèöèÿ î÷åíü íðàâèòñÿ
Ñåðãåþ Òèâÿêîâó, ðåãóëÿðíî èãðàþùåìó ýòîò âàðèàíò!} e6 ({
×åðåç ïàðó íåäåëü Àâåñêóëîâ ñûãðàë ïðîòèâ òîãî æå Òèâÿêîâà} 12... e5 13. Nc2
$1 {, íî ïîëíîñòüþ óðàâíÿòü èãðó íå ñìîã -} Qd5 14. Ne3 Qxc4 15. Nxc4 Nd7 16.
f4 e4 17. Be3 Rc8 18. Ne5 Bc5 19. Ke2 Nb6 20. Bxc5 Rxc5 21. Rhd1 g5 22. Rd4 f6
23. Ng4 f5 24. Nf6+ Kf7 25. fxg5 h6 26. Rf1 hxg5 27. Nxe4 Re5 28. Kd3 g4 29. h3
Ke7 30. Nf2 gxh3 31. Nxh3 Nd5 32. Rf3 Rg8 33. g3 Nf6 34. Nf2 Nh5 35. g4 Ng7 36.
Kc2 Ne6 37. Rb4 fxg4 38. Nxg4 Re2+ 39. Kd1 Rg2 40. Rxb7+ Kd6 41. Nf2 Rg1+ 42.
Kc2 R8g2 43. Rd3+ Kc6 44. Rf7 Nc5 45. Rd2 a5 46. Rf6+ Kc7 47. Rf5 Kc6 48. b3
Kb6 49. Kb2 Rf1 50. Ka3 Nb7 51. Rf6+ Kc7 52. Re2 Rg7 53. Ne4 Rxf6 54. Nxf6 Rg3
55. Re7+ Kc6 56. Re6+ Kc7 57. Nd5+ Kd7 58. Re7+ Kc8 59. c4 Rg2 60. c5 Nd8 61.
c6 Rc2 62. c7 {1-0 Tiviakov,S-Aveskulov,V/Ottawa CAN 2007}) 13. Bg5 Rc8 ({
Íåïëîõî è} 13... Be7 14. Rd1 Rc8 15. Qb3 Rc5 16. Nf3 {
1/2 Ushenina,A-Zdebskaja,N/Odessa UKR 2006}) 14. Qe2 Nd5 $146 ({
Õîðîøî è ïðîñòîå} 14... Be7 15. Rd1 ({
Ìîæåò áûòü, ÷óòü áîëüøå øàíñîâ íà ïåðåâåñ äà¸ò} 15. O-O-O Nd5 16. Bxe7 Qxe7
17. Qb5+ Qd7 18. Rhe1 Qxb5 19. Nxb5 O-O 20. Rd4 Rc6 21. Red1 a6 22. Na3 b5 23.
Kb1 Rfc8 24. Nc2 Kf8 25. Nb4 Nxb4 26. Rxb4 Ke7 27. Kc2 Rc5 28. a4 {
Braun,V-Wehner,J/Winterberg 2002/1-0}) 15... Qd5 16. Bxf6 ({Íåóáåäèòåëüíî} 16.
Nf3 Qe4 17. Qxe4 Nxe4 18. Bxe7 Kxe7 19. Rd4 Nc5 20. Ke2 Rhd8 21. Rhd1 Rxd4 22.
Rxd4 a6 23. b3 b5 {1/2-1/2 Kiefhaber,V-Madl,I/Germany 2004/EXT 2005}) 16...
Bxf6 17. Qb5+ Qxb5 18. Nxb5 Ke7 {è ó áåëûõ íè÷åãî ñóùåñòâåííîãî íåò -} 19. Ke2
Rc5 20. Nd6 Be5 21. Ne4 Ra5 22. a3 f5 23. Nd2 Bf6 24. Nf3 e5 25. Rd2 Rc8 26.
Rhd1 Rc7 27. Rd5 Rac5 28. Ne1 h5 29. Nc2 {
Peptan,C-Zhu Chen/Bled 2002/EXT 2003/1/2-1/2 (51)}) 15. Rd1 h6 16. Bh4 Bc5 17.
Nf3 b5 18. Ne5 Qb7 19. Qf3 O-O 20. O-O a5 {Áåç ïîääåðæêè ïåøåê áåëûì íå
ðàçâèòü íà êîðîëåâñêîì ôëàíãå ñåðü¸çíîé àòàêè, è ÷¸ðíûå ìîãóò ñïîêîéíî
ïðîäîëæàòü ðàçâèòèå ñâîåé èíèöèàòèâû íà ôåðçåâîì.} 21. Rfe1 Bd6 22. Ng4 {
×òîáû ñîçäàòü õîòü êàêèå-òî óãðîçû.} Qc7 23. Kh1 b4 {
Èãðà ÷¸ðíûõ íà ôåðçåâîì ôëàíãå ïðèíÿëà ðåàëüíûå î÷åðòàíèÿ.} 24. Nxh6+ $1 {
Õîðîøàÿ íè÷åéíàÿ êîìáèíàöèÿ - â ïðîòèâíîì ñëó÷àå áåëûå ðèñêîâàëè ïîëó÷èòü
äàæå íåñêîëüêî õóäøóþ èãðó.} gxh6 25. Rxd5 $1 {Ïîääåðæèâàÿ íàïðÿæåíèå.} ({
Ê íåìåäëåííîé íè÷üåé ïðèâîäèëî} 25. Qg4+ Kh7 26. Qe4+ {
, òàê êàê ÷¸ðíûì íåâûãîäíî èãðàòü} f5 27. Qxe6 {, è áåëûå îòûãðûâàþò ôèãóðó.}
) 25... exd5 26. Qg4+ Kh7 ({Íåàêòóàëüíî} 26... Kh8 27. Bf6+ Kh7 28. Qg7#) 27.
Qf5+ Kg8 28. Bf6 $2 {Âåòåð óäà÷è, êàê èçâåñòíî, äóåò â ïàðóñà ñìåëûõ, íî íå â
ïàðóñà áåçðàññóäíûõ. Êàê ïîêàçûâàåò äàëüíåéøèé àíàëèç ïîñëå ýòîãî
«î÷åâèäíîãî» õîäà áåëûå äîëæíû áûëè ïðîèãðàòü!} ({
Ëîãè÷íûì çàâåðøåíèåì ïàðòèè ñòàë áû âå÷íûõ øàõ -} 28. Qg4+ Kh7 29. Qf5+ Kg8
30. Qg4+) {Òåïåðü ïåðåä âèòÿçåì áûëî äâà ïóòè: îäèí â¸ë ê âûèãðûøó, à äðóãîé -
â ïðîïàñòü. È ïîñëåäîâàëî} 28... Bf4 $2 {Àêåëà ïðîìàõíóëñÿ!} ({
Âûèãðûâàëî, õîòÿ è âåñüìà íåòðèâèàëüíûìè õîäàìè} 28... Qc4 $1 {
(çàùèùàÿ «ñëàáîå» ïîëå g4)} 29. Bd4 Be7 $3 {(«ïðîñòî» çàùèùàÿ ïîëå f6;
âåðîÿòíî, èìåííî ýòîãî õîäà è íå óâèäåë èãðàâøèé ÷¸ðíûìè øàõìàòèñò)} 30. Qg4+
(30. Qe5 f6 31. Qxe7 Rfe8) (30. Rxe7 Qf1#) 30... Bg5 31. h4 Rfe8 32. Rxe8+ ({
Íè÷åãî óæå íå ëå÷èò íè} 32. Rg1 Re4) ({, íè} 32. Re3 bxc3 33. bxc3 f5) 32...
Rxe8 33. hxg5 Qe2 34. Qh4 bxc3 35. bxc3 (35. Qxh6 Qd1+ 36. Kh2 Qxd4) 35... Qe4
36. Qh3 h5 $1 37. Qxh5 Qh7 38. g4 Re2 39. a3 Ra2 40. Qxh7+ Kxh7 41. Bc5 Rb2 {
, è, çàáèðàÿ îäíó èç ïåøåê («à» èëè «ñ»), ÷¸ðíûå ïîáåæäàþò.}) 29. Qg4+
Bg5 30. Re5 $1 {Åäèíñòâåííîå è âûèãðûâàþùåå ïðîäîëæåíèå.} ({
Âîçìîæíîñòè îñòóïèòüñÿ åù¸ áûëè è íåìàëûå -} 30. Bxg5 $4 f5 $1) ({èëè òîãî õóæå
} 30. h4 $4 Qf4 $1) 30... Rfd8 ({
Íå ñïàñàëà óæå, íî îòòÿãèâàëà áåññëàâíûé êîíåö æåðòâà ôåðçÿ -} 30... Qxe5 31.
Bxe5 Rfe8 32. f4 Rc4 33. Qg3) 31. Bxg5 $6 {
Òàêèå âåùè ìîæíî îáúÿñíèòü ëèøü öåéòíîòîì.} ({Õîòÿ äàæå â ðàçáóæåííûé ñðåäè
íî÷è ñ ëàìïîé â ãëàçà ãðîññìåéñòåð êëàññà Òèâÿêîâà (äà è ëþáîé äðóãîé!)
îáÿçàí âèäåòü} 31. Rxg5+ $1 hxg5 (31... Kf8 32. Rg8#) 32. Qh5 {
ñ íåèçáåæíûì ìàòîì.}) 31... Qd7 32. Qg3 hxg5 ({
Íåñêîëüêî áîëüøå èçîáðåòàòåëüíîñòè ïîòðåáîâàëî áû îò áåëûõ} 32... Kh7 33. Qd3+
Kg7 34. Bxh6+ $1 Kxh6 35. Qd2+ Kg6 36. Qg5+ Kh7 37. Qf6 Qg4 38. Qxf7+ Kh6 39.
Re6+) 33. Qxg5+ Kh7 34. Qf6 Qg4 35. Qxf7+ Kh6 36. Re6+ 1-0